Rozbor organizácie hospodárskych stredísk vo vnútropodnikovom riadení záverečná práca postgraduálneho štúdia

Na minha lista:
Detalhes bibliográficos
Autor principal: Matej, Pavol
Autor Corporativo: Vysoká škola ekonomická v Bratislave
Outros Autores: Satková, Blanka
Formato: Livro
Idioma:eslovaco
Publicado em: Bratislava 1988
Tags: Adicionar Tag
Sem tags, seja o primeiro a adicionar uma tag!

MARC

LEADER 00000nam a2200000 4500
001 c035391
005 20260108081716.4
041 0 |a slo 
044 |a SK 
245 1 0 |a Rozbor organizácie hospodárskych stredísk vo vnútropodnikovom riadení  |b záverečná práca postgraduálneho štúdia  |c Pavol Matej ; ved. práce Blanka Satková 
264 1 |a Bratislava  |c 1988 
300 |a 65 s. 
100 1 |a Matej, Pavol 
700 1 |a Satková, Blanka 
710 2 |a Vysoká škola ekonomická v Bratislave